000 00318nam a22000977a 4500
999 _c10955
_d10955
008 180529b ||||| |||| 00| 0 eng d
020 _a9788176393713
100 _aJain, Vidhi
_96758
245 _aThe Delhi school education Act, 1973
_bThe Delhi School Education Rules, 1973
260 _aNew Selhi
_bAkalank Publication
_c2017